Functioning and "Jurispudence" of the IPU committee on the Human Rights of the Parliamentarians (Record no. 1756)
[ view plain ]
| 000 -LEADER | |
|---|---|
| fixed length control field | 00416nam a22001337a 4500 |
| 008 - FIXED-LENGTH DATA ELEMENTS--GENERAL INFORMATION | |
| fixed length control field | 230620b xxu||||| |||| 00| 0 eng d |
| 020 ## - INTERNATIONAL STANDARD BOOK NUMBER | |
| International Standard Book Number | 9291420484 |
| 082 ## - DEWEY DECIMAL CLASSIFICATION NUMBER | |
| Classification number | 323.34 |
| Item number | IPU |
| 100 ## - MAIN ENTRY--PERSONAL NAME | |
| Titles and words associated with a name | Leandro Despouy |
| 245 ## - TITLE STATEMENT | |
| Title | Functioning and "Jurispudence" of the IPU committee on the Human Rights of the Parliamentarians |
| Remainder of title | 1 january 1977-4 february 1993 |
| 260 ## - PUBLICATION, DISTRIBUTION, ETC. (IMPRINT) | |
| Place of publication, distribution, etc. | Geneva |
| Name of publisher, distributor, etc. | IPU |
| Date of publication, distribution, etc. | 1998 |
| 300 ## - PHYSICAL DESCRIPTION | |
| Extent | 288p |
| 942 ## - ADDED ENTRY ELEMENTS (KOHA) | |
| Source of classification or shelving scheme | Dewey Decimal Classification |
| Koha item type | Books |
| Withdrawn status | Lost status | Source of classification or shelving scheme | Damaged status | Not for loan | Home library | Current library | Date acquired | Total Checkouts | Full call number | Barcode | Date last seen | Price effective from | Koha item type |
|---|---|---|---|---|---|---|---|---|---|---|---|---|---|
| Dewey Decimal Classification | County Hall Archives | County Hall Archives | 06/20/2023 | 323.34 IPU | 10011285 | 06/20/2023 | 06/20/2023 | Books |
